1852 1134 1761 1028 1206 1414 1139 1178 1317 1041 1411 1251 1820 1116 1461 1627 1012 1034 1543 1485 1218 1219 1564 1525 1159 1098 1378 1212 1221 1765 1827 1996 1153 1612 1093 1444 1996 1669 1060 1441 1760 1792 1889 1334 1333 1793 1492 2000 1818 1340 1709 1223 1448 1264 1086 1730 1245 1984 1525 1243 1418 1017 1824 1554 1628 1553 1679 1041 1669 1636 1011 1601 1887 1390 1903 1269 1670 1230 1304 1135 1679 1269 1465 1484 1616 1889 1486 1883 1073 1783 1906 1297 1339 1068 1312 1575 1894 1348 1154 BCNSPRNW ULIB Ver.6.0+V

เปลี่ยนเป็นภาษาไทย

Change to English
 แสดงรายละเอียดบรรณานุกรม
  กลับหน้าหลัก

Brief Record : Get Marc (ISO 2709) : E-mail record : QR code < ปิดหน้าต่าง
LEADER : 00000nam 2200000uu 4500
001    13399113841
003     ULIB
008    120110s||||||||th 000 0 tha d
099    วจ.WY18.8^bอ481ผ
100 0  อังคณาพร สอนง่าย
245 00 ผลของการจัดการเรียนการสอนแบบบูรณาการในรายวิชาการจัดการสุขภาพชุมชนแบบองค์รวมของนักศึกษาหลักสูตรประกาศนียบัตรสาธารณสุขศาสตร์(สาธารณสุขชุมชน)วิทยาลัยการสาธารณสุขสิรินธร จังหวัดพิษณุโลก/^cอังคณาพร สอนง่าย ,ประจวบ แหลมหลัก,จงดี ขจรไชยกุล,โสภา พุทราและสุรางค์ เง่าสวัสดิ์
260    พิษณุโลก :^bวิทยาลัยการสาธารณสุขสิรินธร จังหวัดพิษณุโลก,^c2554
300    106 หน้า :^bตาราง
500    รายงานการวิจัย
650  7 การจัดการเรียนการสอน^xวิจัย
650  7 การสอนแบบบูรณาการ^xวิจัย
700 02 ประจวบ แหลมหลัก
700 02 จงดี ขจรไชยกุล
700 02 โสภา พุทรา
700 02 สุรางค์ เง่าสวัสดิ์
710 1  วิทยาลัยการสาธารณสุขสิรินธร จังหวัดพิษณุโลก
945    ^p0^l0^i030911
995    ทศพร
999 ^a ทศพร
รายการนี้ยังไม่มีแท็ก
คุณยังไม่ได้ล็อกอิน คุณสามารถมีกิจกรรมร่วมกับเว็บไซต์ได้ แต่ต้องล็อกอินก่อน ::
  ล็อกอิน

รายการสื่อสารสนเทศ

ลำดับที่ ประเภท เลขเรียก/บาร์โค้ด สถานที่ สถานะ
1. งานวิจัย
งานวิจัย
วจ.WY18.8 อ481ผ ฉ.1 
  Barcode: 030911
ห้องสมุดวิทยาเขตสวรรค์ประชารักษ์
►วิจัย
บนชั้น

รายการใกล้เคียง
    ผู้แต่ง [อังคณาพร สอนง่าย]

BibComment


ยังไม่เคยถูกคอมเมนท์

คอมเมนท์ทรัพยากรรายการนี้
  คอมเมนท์: ผลของการจัดการเรี..


 Copyright 2026. Bcnsprnw @Library